New Living Science Physics (Record no. 239901)

MARC details
000 -LEADER
fixed length control field 00369nam a2200145Ia 4500
005 - DATE AND TIME OF LATEST TRANSACTION
control field 20250729165755.0
008 - FIXED-LENGTH DATA ELEMENTS--GENERAL INFORMATION
fixed length control field 250729s2012 xx 000 0 und d
041 ## - LANGUAGE CODE
Language code of text/sound track or separate title eng
082 ## - DEWEY DECIMAL CLASSIFICATION NUMBER
Classification number 530 MADN
100 ## - MAIN ENTRY--PERSONAL NAME
Personal name Madhu Mangal Singh
9 (RLIN) 232675
245 ## - TITLE STATEMENT
Title New Living Science Physics
260 ## - PUBLICATION, DISTRIBUTION, ETC.
Place of publication, distribution, etc. New Delhi
Name of publisher, distributor, etc. Rathan Sagar
Date of publication, distribution, etc. 2012
300 ## - PHYSICAL DESCRIPTION
Extent 112p
650 ## - SUBJECT ADDED ENTRY--TOPICAL TERM
Topical term or geographic name entry element Science
9 (RLIN) 232676
Holdings
Withdrawn status Lost status Damaged status Not for loan Home library Current library Date acquired Source of acquisition Total Checkouts Full call number Barcode Date last seen Price effective from Koha item type
        St Aloysius Library St Aloysius Library 07/29/2025 Management Book   530 MADN BED05220 07/29/2025 07/29/2025 Book